000 00532nam a2200217Ia 4500
003 OSt
005 20220926045139.0
006 a|||||r|||| 00| 0
007 ta
008 220923b |||||||| |||| 00| 0 eng d
037 _cGeneral Book
040 _aRTL
_cRTL
_beng
041 _2eng
_aeng
082 _aX9n2,N, H2/GD
110 _aIndia
_942571
245 0 _aLarge industrial establishments
260 _c1942
700 _aIndia
_942572
942 _hX9n2,N, H2/GD
_cGB
_2CC
999 _c676826
_d676826